00181nam a2200073Ia 4500008004100000082000800041100001900049245003900068240331s9999 xx 000 0 und d bARD aArdalarasan, T 0aThanthai periyarum thalthapattorum